000 00935nam a22002177a 4500
005 20161104153206.0
010 _a1516ENO7 ENG-116435
020 _a9789352034369
_c460.00
035 _aB-609272-306
035 _aEN-99967
037 _adpl
_bStar/Ven
082 _a000
245 _aIAS mains general studies paper 3:
_cedited by Priya Goyal
_btechnology economic development bio-diversity environment, security & disaster management /
250 _aFull Revised & Updated Edition
260 _aNew Delhi
_bArihant Publications(India ) Limited
_c2015
270 _a4577/15, Agarwal Road, Daryaganj
_bNew Delhi
_e110002
_k011-47630600
_l-
_m-
300 _a678p.
_bill.
_c27cm(pbk)
700 _aGoyal, Priya
942 _2ddc
_cEN
_h000
_mIAS
999 _c95657
_d95657